Elle voulait - Rnboi _ paroles - Statistiques

Statistiques générales
  • Ce quiz a été pris 43 fois
  • Le résultat moyen est 181 sur 358
Statistiques - réponses
Hint Answeren % Correct
elle
100%
Elle
100%
à
92%
a
92%
Couplet 1 Avec
89%
avec
89%
sa
89%
de
81%
De
81%
du
81%
me
81%
no
81%
no)
81%
ans
78%
bestie
78%
d'écart
78%
dit
78%
la
78%
78%
parle
78%
quatre
78%
en
75%
Refrain Je
72%
je
72%
nos
72%
"Recommence"
72%
C'est
69%
c'est
69%
( C'est
69%
écart
69%
finira
69%
grand
69%
mais
69%
voulait
69%
et
67%
J'lui
67%
mal
67%
moi
67%
pour
67%
veut
67%
investie
64%
J'la
64%
(sale)
64%
sale
64%
(sale
64%
sale)
64%
sens
64%
au
61%
( au
61%
fait
61%
guitare
58%
le
58%
qui
58%
qui)
58%
dans
56%
Dis
56%
dis
56%
Max
56%
pas
56%
piano
56%
pourtant
56%
tout
56%
Tout
56%
j'suis
53%
l'amour
53%
les
53%
Pré-refrain Allo
50%
allo
50%
faire
50%
on
50%
Couplet 2 On
50%
bas
47%
est
47%
lui
47%
parler
47%
Seny
47%
vitesses
47%
aime
44%
Donc
44%
chargée
42%
c'qui
42%
( ah
39%
ah
39%
ah)
39%
(ah
39%
bussiness
39%
d'sentiments
39%
faut
39%
Faut
39%
mmh
39%
( mmh
39%
mmh)
39%
mmh-mmh
39%
s'est
39%
son
39%
te
39%
voulais
39%
Eh-eh-eh
36%
eh-eh-eh
36%
chambre
33%
Ouh
33%
qu'elle
33%
faisdu
31%
quoi
31%
sais
31%
dead
28%
m'ensorcelle
28%
pétard
28%
répondre
28%
rien
28%
sait
28%
croit
25%
deux
25%
mhh
25%
n'importe
25%
qu'ça
25%
( yeah
25%
yeah
25%
yeah)
25%
baise
22%
doucement
22%
l'impolie
22%
parles
22%
qu'tu
22%
retirer
22%
tej
22%
trop
22%
vêtements
22%
cramer
19%
message
19%
passer
19%
soirée
19%
demain
17%
l'oseille
17%
matin
17%
peine
17%
qu'faut
17%
sorry
17%
c'qu'elle
14%
envoie
14%
l'time
14%
maintenant
11%
Outro Ouh
11%
ouh
11%
Intro Ambitiou$
8%
base
8%
Eh-eh
8%
gouter
8%
monnaie
8%
arriverai
6%
invité
6%
j'étais
6%
J'sourie
6%
j'y
6%
qu'j'ai
6%
voulmait
0%
Aucun quiz correspondant
Distribution des résultats
% des personnes avec chaque résultat
Percentile par nombre de réponses
Votre historique - résultats
Vous n’avez pas pris ce quiz